Les communes françaises les plus peuplées finissant par "-sur-Seine" - Statistiques

Statistiques générales
  • Ce quiz a été pris 37 fois
  • Le résultat moyen est 4 sur 10
Statistiques - réponses
Population Département Commune % Correct
59.200 Hauts-de-Seine Neuilly-sur-Seine
85%
64.526 Val-de-Marne Ivry-sur-Seine
76%
95.282 Val-de-Marne Vitry-sur-Seine
74%
91.457 Hauts-de-Seine Asnières-sur-Seine
53%
53.564 Seine-Saint-Denis Épinay-sur-Seine
44%
53.041 Seine-Saint-Denis Saint-Ouen-sur-Seine
32%
31.818 Val-d'Oise Herblay-sur-Seine
24%
31.233 Essonne Vigneux-sur-Seine
24%
19.527 Seine-et-Marne Le Mée-sur-Seine
18%
16.112 Yvelines Verneuil-sur-Seine
18%
Aucun quiz correspondant
Distribution des résultats
% des personnes avec chaque résultat
Percentile par nombre de réponses
Votre historique - résultats
Vous n’avez pas pris ce quiz